Biochemical and physiological studies on certain analgesic drugs (tenoxicam and nefopam) in Albino Rats / (رقم التسجيلة. 6236)

تفاصيل مارك
000 -LEADER
fixed length control field 014610000a22003370004500
003 - CONTROL NUMBER IDENTIFIER
control field EG-GICUC
005 - DATE AND TIME OF LATEST TRANSACTION
control field 20250223025127.0
008 - FIXED-LENGTH DATA ELEMENTS--GENERAL INFORMATION
fixed length control field 080117s2001 ua d f m 000 0 eng d
040 ## - CATALOGING SOURCE
Original cataloging agency EG-GICUC
Language of cataloging eng
Transcribing agency EG-GICUC
041 0# - LANGUAGE CODE
Language code of text/sound track or separate title Eng
049 ## - LOCAL HOLDINGS (OCLC)
Holding library Deposite
097 ## - Thesis Degree
Thesis Level Ph.D
099 ## - LOCAL FREE-TEXT CALL NUMBER (OCLC)
Classification number Cai01.12.21.Ph.D.2001.Lo.B
100 0# - MAIN ENTRY--PERSONAL NAME
Personal name Lobna AbdElmoniem Mohamed Hassanin
245 10 - TITLE STATEMENT
Title Biochemical and physiological studies on certain analgesic drugs (tenoxicam and nefopam) in Albino Rats /
Statement of responsibility, etc. Lobna AbdElmoniem Mohamed Hassanin ; Supervised Khamis A.AbdElraheem , Nagwa E.Elmossallamy , Mohamed M.Badawi , Buthina S.Said
246 15 - VARYING FORM OF TITLE
Title proper/short title دراسات كيميائية حيوية وفسيولوجية لتأثير بعض العقاقير المسكنة (تينوكسيكام ونيفوبام) على الفئران البيضاء
260 ## - PUBLICATION, DISTRIBUTION, ETC.
Place of publication, distribution, etc. Cairo :
Name of publisher, distributor, etc. Lobna AbdElmoniem Mohamed Hassanin ,
Date of publication, distribution, etc. 2001
300 ## - PHYSICAL DESCRIPTION
Extent 154P. :
Other physical details charts ;
Dimensions 30cm
502 ## - DISSERTATION NOTE
Dissertation note Thesis (Ph.D.) - Cairo University - Faculty Of Science - Department Of Zoology
653 #4 - INDEX TERM--UNCONTROLLED
Uncontrolled term Albino Rats
653 #4 - INDEX TERM--UNCONTROLLED
Uncontrolled term Certain analgesic drugs
653 #4 - INDEX TERM--UNCONTROLLED
Uncontrolled term Tenoxicam and nefopam
700 0# - ADDED ENTRY--PERSONAL NAME
Personal name Buthina S.Said ,
Relator term
700 0# - ADDED ENTRY--PERSONAL NAME
Personal name Khamis A.AbdElraheem ,
Relator term
700 0# - ADDED ENTRY--PERSONAL NAME
Personal name Mohamed M.Badawi ,
Relator term
700 0# - ADDED ENTRY--PERSONAL NAME
Personal name Nagwa E.Elmossallamy ,
Relator term
856 ## - ELECTRONIC LOCATION AND ACCESS
Uniform Resource Identifier <a href="http://172.23.153.220/th.pdf">http://172.23.153.220/th.pdf</a>
905 ## - LOCAL DATA ELEMENT E, LDE (RLIN)
Cataloger Mustafa
Reviser Revisor
905 ## - LOCAL DATA ELEMENT E, LDE (RLIN)
Cataloger Samia
Reviser Cataloger
942 ## - ADDED ENTRY ELEMENTS (KOHA)
Source of classification or shelving scheme Dewey Decimal Classification
Koha item type Thesis
المقتنيات
Source of classification or shelving scheme Not for loan Home library Current library Date acquired Full call number Barcode Date last seen Koha item type
Dewey Decimal Classification   المكتبة المركزبة الجديدة - جامعة القاهرة قاعة الرسائل الجامعية - الدور الاول 11.02.2024 Cai01.12.21.Ph.D.2001.Lo.B 01010110037501000 22.09.2023 Thesis
Cairo University Libraries Portal Implemented & Customized by: Eng. M. Mohamady Contacts: new-lib@cl.cu.edu.eg | cnul@cl.cu.edu.eg
CUCL logo CNUL logo
© All rights reserved — Cairo University Libraries
CUCL logo
Implemented & Customized by: Eng. M. Mohamady Contact: new-lib@cl.cu.edu.eg © All rights reserved — New Central Library
CNUL logo
Implemented & Customized by: Eng. M. Mohamady Contact: cnul@cl.cu.edu.eg © All rights reserved — Cairo National University Library